DIVA: a space-borne interferometer for global astrometry

Saved in:
Bibliographic Details
Main Authors: Schilbach, Elena (Author) , Röser, Siegfried (Author) , Bastian, Ulrich (Author)
Format: Chapter/Article Conference Paper
Language:English
Published: 2000
In: Journées Systèmes de Référence Spatio-Temporels & IX. Lohrmann-Kolloquium
Year: 2000, Pages: 111-118
Subjects:
Online Access: Get full text
Author Notes:E. Schilbach, S. Röser, U. Bastian

MARC

LEADER 00000caa a2200000 c 4500
001 1569916632
003 DE-627
005 20220814074826.0
007 tu
008 180216s2000 xx ||||| 00| ||eng c
035 |a (DE-627)1569916632 
035 |a (DE-576)499916638 
035 |a (DE-599)BSZ499916638 
035 |a (OCoLC)1340987472 
040 |a DE-627  |b ger  |c DE-627  |e rda 
041 |a eng 
084 |a 29  |2 sdnb 
100 1 |a Schilbach, Elena  |e VerfasserIn  |0 (DE-588)1035483335  |0 (DE-627)749543876  |0 (DE-576)185170676  |4 aut 
245 1 0 |a DIVA  |b a space-borne interferometer for global astrometry  |c E. Schilbach, S. Röser, U. Bastian 
264 1 |c 2000 
300 |a 8 
336 |a Text  |b txt  |2 rdacontent 
337 |a ohne Hilfsmittel zu benutzen  |b n  |2 rdamedia 
338 |a Band  |b nc  |2 rdacarrier 
655 7 |a Konferenzschrift  |0 (DE-588)1071861417  |0 (DE-627)826484824  |0 (DE-576)433375485  |2 gnd-content 
700 1 |a Röser, Siegfried  |e VerfasserIn  |0 (DE-588)1035482991  |0 (DE-627)749543787  |0 (DE-576)168015323  |4 aut 
700 1 |a Bastian, Ulrich  |e VerfasserIn  |0 (DE-588)102074135X  |0 (DE-627)69133014X  |0 (DE-576)361918682  |4 aut 
773 0 8 |i Enthalten in  |a Journées Systèmes de Référence Spatio-Temporels (11 : 1999 : Dresden)  |t Journées Systèmes de Référence Spatio-Temporels & IX. Lohrmann-Kolloquium  |d Paris : Observatoire de Paris, 2000  |g (2000), Seite 111-118  |h XIV, 237 S.  |w (DE-627)1613364318  |w (DE-576)087510790  |z 290105742X  |7 nnam 
773 1 8 |g year:2000  |g pages:111-118  |g extent:8  |a DIVA a space-borne interferometer for global astrometry 
951 |a AR 
992 |a 20180216 
993 |a ConferencePaper 
994 |a 2000 
998 |g 102074135X  |a Bastian, Ulrich  |m 102074135X:Bastian, Ulrich  |d 700000  |d 714000  |d 714100  |e 700000PB102074135X  |e 714000PB102074135X  |e 714100PB102074135X  |k 0/700000/  |k 1/700000/714000/  |k 2/700000/714000/714100/  |p 3  |y j 
998 |g 1035482991  |a Röser, Siegfried  |m 1035482991:Röser, Siegfried  |d 700000  |d 714000  |d 714100  |e 700000PR1035482991  |e 714000PR1035482991  |e 714100PR1035482991  |k 0/700000/  |k 1/700000/714000/  |k 2/700000/714000/714100/  |p 2 
998 |g 1035483335  |a Schilbach, Elena  |m 1035483335:Schilbach, Elena  |d 910000  |d 950000  |d 950950  |e 910000PS1035483335  |e 950000PS1035483335  |e 950950PS1035483335  |k 0/910000/  |k 1/910000/950000/  |k 2/910000/950000/950950/  |p 1  |x j 
999 |a KXP-PPN1569916632  |e 299944513X 
BIB |a Y 
JSO |a {"id":{"eki":["1569916632"]},"relHost":[{"title":[{"title":"Journées Systèmes de Référence Spatio-Temporels & IX. Lohrmann-Kolloquium","subtitle":"Dresden, Germany, 13 - 15 September 1999; Motion of celestial bodies, astrometry and astronomical reference frames","title_sort":"Journées Systèmes de Référence Spatio-Temporels & IX. Lohrmann-Kolloquium"}],"language":["eng"],"disp":"Journées Systèmes de Référence Spatio-Temporels (11 : 1999 : Dresden)Journées Systèmes de Référence Spatio-Temporels & IX. Lohrmann-Kolloquium","part":{"year":"2000","extent":"8","text":"(2000), Seite 111-118","pages":"111-118"},"corporate":[{"display":"Journées Systèmes de Référence Spatio-Temporels (11, 1999, Dresden)","role":"aut"},{"role":"oth","display":"Unité Mixte de Recherche Systèmes de Référence Spatio-Temporels"},{"role":"oth","display":"Lohrmann-Observatorium"},{"role":"oth","display":"Lohrmann-Kolloquium (9, 1999, Dresden)"}],"recId":"1613364318","physDesc":[{"noteIll":"graph. Darst.","extent":"XIV, 237 S."}],"origin":[{"publisher":"Observatoire de Paris","dateIssuedDisp":"2000","dateIssuedKey":"2000","publisherPlace":"Paris"}],"name":{"displayForm":["ed. by M. Soffel and N. Capitaine; Observatoire de Paris, Département d'Astronomie Fondamentale, UMR 8630/CNRS; Lohrmann-Observatorium"]},"type":{"bibl":"book"},"id":{"isbn":["290105742X"],"eki":["1613364318"]},"person":[{"given":"Michael","role":"edt","family":"Soffel","display":"Soffel, Michael"},{"given":"Nicole","role":"edt","family":"Capitaine","display":"Capitaine, Nicole"}]}],"person":[{"display":"Schilbach, Elena","family":"Schilbach","given":"Elena","role":"aut"},{"given":"Siegfried","role":"aut","display":"Röser, Siegfried","family":"Röser"},{"family":"Bastian","display":"Bastian, Ulrich","given":"Ulrich","role":"aut"}],"name":{"displayForm":["E. Schilbach, S. Röser, U. Bastian"]},"type":{"bibl":"chapter"},"language":["eng"],"physDesc":[{"extent":"8 S."}],"origin":[{"dateIssuedKey":"2000","dateIssuedDisp":"2000"}],"recId":"1569916632","title":[{"title_sort":"DIVA","subtitle":"a space-borne interferometer for global astrometry","title":"DIVA"}]} 
SRT |a SCHILBACHEDIVA2000